[Event "100 Jahre Schvgg Blankenese - Open 2023"]
[Site "Lise-Meitner-Gymnasium (HH)"]
[Date "2023.09.30"]
[Round "2.24"]
[White "Schulze, Tim"]
[Black "Voigt, Dominik"]
[Result "1/2-1/2"]
[WhiteElo "1669"]
[BlackElo "1726"]
[PlyCount "101"]
[EventDate "2023.09.30"]
[EventType "swiss"]
[EventRounds "7"]
[WhiteTeam "SC Turm Lüneburg e.V."]
[BlackTeam "HSK Lister Turm"]

1. Nf3 d5 2. g3 c5 3. Bg2 Nc6 4. d4 Nf6 5. O-O e6 6. c4 dxc4 7. Ne5 Nxe5 8.
dxe5 Qxd1 9. Rxd1 Nd7 10. Na3 Rb8 11. Nxc4 Be7 12. Nd6+ Bxd6 13. exd6 b6 14.
Bd2 Bb7 15. e4 e5 16. f4 f6 17. a4 a5 18. Rac1 Bc6 19. b3 Kf7 20. Bc3 Rbd8 21.
Rf1 Rhe8 22. f5 Nb8 23. Rfd1 Rd7 24. Rd2 Red8 25. Rcd1 Rc8 26. Re1 Ba8 27. Bf1
Rcd8 28. Red1 Bxe4 29. Bc4+ Ke8 30. Be6 Ra7 31. g4 Bf3 32. Re1 Bxg4 33. Re3 g6
34. Rg3 Bh5 35. fxg6 Bxg6 36. Rf3 Nd7 37. Bxd7+ Raxd7 38. Rxf6 e4 39. Be5 Rf7
40. d7+ Rfxd7 41. Rxd7 Rxd7 42. Rxb6 e3 43. Bg3 Ke7 44. Bh4+ Kf7 45. Rf6+ Kg7
46. Re6 Rd1+ 47. Kg2 Rd2+ 48. Kg3 e2 49. Kf2 Rb2 50. Bf6+ Kf7 51. Bxb2 1/2-1/2

[Event "100 Jahre Schvgg Blankenese - Open 2023"]
[Site "Lise-Meitner-Gymnasium (HH)"]
[Date "2023.09.30"]
[Round "2.25"]
[White "Stiller, Maximilian"]
[Black "Pavlov, Dmitriy"]
[Result "1-0"]
[WhiteElo "1711"]
[BlackElo "1398"]
[PlyCount "57"]
[EventDate "2023.09.30"]
[EventType "swiss"]
[EventRounds "7"]
[WhiteTeam "Hagener SV"]
[BlackTeam "SV Eidelstedt"]

1. Nf3 d5 2. e3 Nf6 3. c4 e6 4. b3 Bd6 5. Bb2 O-O 6. Nc3 c6 7. d4 b6 8. Bd3
Nbd7 9. O-O Bb7 10. Rc1 Rc8 11. e4 dxe4 12. Nxe4 Nxe4 13. Bxe4 Nf6 14. Bb1 c5
15. dxc5 Bxc5 16. Qe2 Qe7 17. Ng5 g6 18. Qe5 Kg7 19. Nxh7 Kxh7 20. Qxf6 Qxf6
21. Bxf6 Rfe8 22. Rc3 Bf8 23. Rh3+ Bh6 24. Bg5 Rc5 25. Bxh6 Kg8 26. Be3 Rh5 27.
Rxh5 gxh5 28. Rd1 a6 29. Bxb6 1-0

[Event "100 Jahre Schvgg Blankenese - Open 2023"]
[Site "Lise-Meitner-Gymnasium (HH)"]
[Date "2023.09.30"]
[Round "2.26"]
[White "Körber, Uwe"]
[Black "Frackowiak, Stanislaw"]
[Result "1-0"]
[WhiteElo "1742"]
[BlackElo "1520"]
[PlyCount "47"]
[EventDate "2023.09.30"]
[EventType "swiss"]
[EventRounds "7"]
[WhiteTeam "Findorffer Sfr"]
[BlackTeam "Hamburger SK von 1830 eV"]

1. e4 c5 2. Nc3 Nc6 3. f4 e6 4. Bc4 Nge7 5. e5 a6 6. a4 d5 7. exd6 Qxd6 8. d3
Nf5 9. Ne4 Qc7 10. Nf3 Be7 11. c3 O-O 12. O-O Rd8 13. Qe2 b6 14. Bd2 Bb7 15.
Neg5 Nd6 16. Rae1 Nxc4 17. dxc4 h6 18. Ne4 Rd7 19. Ne5 Nxe5 20. fxe5 Bxe4 21.
Qxe4 Rxd2 22. Qxa8+ Kh7 23. Rxf7 Bh4 24. Rxc7 1-0

[Event "100 Jahre Schvgg Blankenese - Open 2023"]
[Site "Lise-Meitner-Gymnasium (HH)"]
[Date "2023.09.30"]
[Round "2.27"]
[White "Braren, Ove Neelis"]
[Black "Smith, Tobias"]
[Result "0-1"]
[WhiteElo "1451"]
[BlackElo "1648"]
[PlyCount "162"]
[EventDate "2023.09.30"]
[EventType "swiss"]
[EventRounds "7"]
[WhiteTeam "Königsspr. SC.1984 e.V."]
[BlackTeam "TSG Oberschöneweide e.V."]

1. e4 c5 2. Nf3 g6 3. d4 cxd4 4. Nxd4 Nc6 5. c4 Bg7 6. Be3 Nf6 7. Nc3 Ng4 8.
Qxg4 Nxd4 9. Qd1 Ne6 10. Be2 d6 11. O-O O-O 12. Qd2 Bd7 13. Rac1 Rc8 14. b3 Nc5
15. f3 Re8 16. Bd4 a6 17. Bxg7 Kxg7 18. Rfd1 Bc6 19. Qe3 Qa5 20. Rc2 b5 21. Rb1
b4 22. Nd5 Bxd5 23. cxd5 Qb6 24. Rbc1 a5 25. e5 Ra8 26. Qd4 f6 27. e6 a4 28.
Bc4 Reb8 29. Kf1 axb3 30. Bxb3 Nxb3 31. Qxb6 Nd2+ 32. Rxd2 Rxb6 33. Rdc2 f5 34.
Rb2 Ra4 35. Rcb1 Rb5 36. Rd2 g5 37. g3 Raa5 38. Rbd1 Ra3 39. Kf2 Rba5 40. Rd4
Rxa2+ 41. Kg1 Rb5 42. Rb1 b3 43. Rd3 b2 44. Rdd1 Ra1 45. Rxa1 bxa1=Q 46. Rxa1
Rxd5 47. Ra4 Re5 48. h4 gxh4 49. Rxh4 Rxe6 50. Rf4 Kg6 51. Kf2 Re5 52. Rh4 Rc5
53. f4 Rc4 54. Rh1 Re4 55. Kf3 h6 56. Rd1 Ra4 57. Re1 Ra3+ 58. Kg2 Ra2+ 59. Kf3
Ra3+ 60. Kg2 Kf6 61. Re2 e5 62. fxe5+ dxe5 63. Kf2 e4 64. Kg2 Kg5 65. Kf2 Kg4
66. Kg2 Rxg3+ 67. Kf2 e3+ 68. Kf1 Kf3 69. Rh2 e2+ 70. Rxe2 Rg1+ 71. Kxg1 Kxe2
72. Kg2 f4 73. Kh3 f3 74. Kh4 f2 75. Kh5 f1=Q 76. Kxh6 Qg1 77. Kh5 Kf3 78. Kh6
Qg8 79. Kh5 Kf4 80. Kh6 Kf5 81. Kh5 Qh8# 0-1

[Event "100 Jahre Schvgg Blankenese - Open 2023"]
[Site "Lise-Meitner-Gymnasium (HH)"]
[Date "2023.09.30"]
[Round "2.28"]
[White "Strohschän, Michel"]
[Black "Moskalenko, Michael"]
[Result "1-0"]
[WhiteElo "1484"]
[BlackElo "1270"]
[PlyCount "81"]
[EventDate "2023.09.30"]
[EventType "swiss"]
[EventRounds "7"]
[WhiteTeam "HSK Lister Turm"]
[BlackTeam "Elmshorner SC von 1896"]

1. d4 d5 2. c4 e6 3. Nc3 c5 4. cxd5 cxd4 5. Qa4+ Nd7 6. Qxd4 exd5 7. Nxd5 Ndf6
8. Qe5+ Be6 9. Nxf6+ Nxf6 10. Bd2 Bd6 11. Qb5+ Qd7 12. e3 O-O 13. Nf3 Qe7 14.
Bd3 Bg4 15. Bc3 Rfe8 16. h3 Bxf3 17. gxf3 Rad8 18. Rg1 Bf4 19. O-O-O Bh6 20.
Qf5 Kf8 21. a3 Rc8 22. Kb1 a5 23. Bxa5 g6 24. Qb5 Kg8 25. Qb3 Bg7 26. Bb5 Qe6
27. Qxe6 Rxe6 28. Bc3 Rb6 29. a4 Ne8 30. Ba5 Rd6 31. Bxe8 Rxd1+ 32. Rxd1 Rxe8
33. Rd7 Ra8 34. b4 Ra7 35. Rd8+ Bf8 36. Bb6 Rxa4 37. Bc5 Kg7 38. Bxf8+ Kf6 39.
f4 b5 40. e4 Ra3 41. Rd6# 1-0

[Event "100 Jahre Schvgg Blankenese - Open 2023"]
[Site "Lise-Meitner-Gymnasium (HH)"]
[Date "2023.09.30"]
[Round "2.29"]
[White "Baumann, Simon"]
[Black "Borgert, Alexander"]
[Result "1/2-1/2"]
[WhiteElo "1450"]
[BlackElo "1549"]
[PlyCount "60"]
[EventDate "2023.09.30"]
[EventType "swiss"]
[EventRounds "7"]
[WhiteTeam "HSK Lister Turm"]
[BlackTeam "Hamburger SK von 1830 eV"]

1. e4 c5 2. Nf3 Nc6 3. d4 cxd4 4. Nxd4 g6 5. Nc3 Bg7 6. Nb3 d6 7. Bc4 Nf6 8. h3
Ne5 9. Bd3 Bd7 10. Bf4 Nxd3+ 11. cxd3 Rc8 12. Qd2 Bc6 13. Bh6 Bxh6 14. Qxh6 d5
15. e5 Nd7 16. d4 e6 17. Qg7 Rf8 18. Qxh7 Qg5 19. O-O Ke7 20. f4 Qf5 21. Qh4+
Ke8 22. Rad1 Qh5 23. Qxh5 gxh5 24. Rc1 Ke7 25. f5 exf5 26. Rxf5 Rh8 27. Rcf1
Rh7 28. Rg5 b6 29. Rff5 Rch8 30. h4 Ke6 1/2-1/2

[Event "100 Jahre Schvgg Blankenese - Open 2023"]
[Site "Lise-Meitner-Gymnasium (HH)"]
[Date "2023.09.30"]
[Round "2.30"]
[White "Müller, Marius"]
[Black "Emlinger, Maximilian"]
[Result "1-0"]
[WhiteElo "1672"]
[BlackElo "1410"]
[PlyCount "117"]
[EventDate "2023.09.30"]
[EventType "swiss"]
[EventRounds "7"]
[WhiteTeam "Hamburger SK von 1830 eV"]
[BlackTeam "SK Altona von 1873 e.V."]

1. e4 c5 2. c3 d5 3. exd5 Qxd5 4. Nf3 g6 5. Na3 Bg7 6. Bb5+ Nc6 7. Qa4 Bd7 8.
O-O Nf6 9. Re1 e6 10. d4 O-O 11. dxc5 Qxc5 12. Be3 Qe7 13. Rad1 a6 14. Be2 b5
15. Qh4 Bc8 16. Nc2 Bb7 17. Ncd4 Rac8 18. Nb3 Qc7 19. Nc5 Ba8 20. Nxa6 Qa5 21.
Nb4 Nxb4 22. Qxb4 Qxb4 23. cxb4 Rc2 24. Bc5 Rb8 25. Rd2 Rxd2 26. Nxd2 Bc6 27.
Bd4 Rd8 28. Bc3 h5 29. Rd1 Kf8 30. Nb3 Rxd1+ 31. Bxd1 Ke7 32. Nc5 Bh6 33. Kf1
Bf4 34. g3 Bd6 35. Be2 Nd5 36. Ke1 h4 37. Kd2 hxg3 38. hxg3 f5 39. a3 g5 40.
Nd3 f4 41. Be5 fxg3 42. fxg3 Nf6 43. Ke3 Nd5+ 44. Kd4 Nc7 45. Nc5 Bd5 46. Bxd6+
Kxd6 47. Ne4+ Bxe4 48. Kxe4 e5 49. b3 Ke6 50. Bg4+ Kd6 51. Bc8 Nd5 52. Bb7 Nc3+
53. Kd3 Nd5 54. Bxd5 Kxd5 55. a4 e4+ 56. Ke3 bxa4 57. bxa4 Kc4 58. b5 Kc5 59.
Kxe4 1-0

[Event "100 Jahre Schvgg Blankenese - Open 2023"]
[Site "Lise-Meitner-Gymnasium (HH)"]
[Date "2023.09.30"]
[Round "2.31"]
[White "Wolff, Ole"]
[Black "Haertel, Leon"]
[Result "0-1"]
[WhiteElo "1167"]
[BlackElo "1477"]
[PlyCount "82"]
[EventDate "2023.09.30"]
[EventType "swiss"]
[EventRounds "7"]
[WhiteTeam "SchVgg Blankenese von 1923 e.V."]
[BlackTeam "Hamburger SK von 1830 eV"]

1. Nf3 d5 2. g3 Nf6 3. Bg2 e6 4. d4 Be7 5. O-O O-O 6. c4 Nbd7 7. cxd5 exd5 8.
Bf4 c6 9. Qc2 Ne4 10. Nfd2 f5 11. f3 Nxd2 12. Nxd2 Bf6 13. Nb3 Nb6 14. Rad1 a5
15. Nc5 Nc4 16. e4 Qb6 17. e5 Be7 18. Na4 Qa7 19. Qc1 b5 20. Nc3 a4 21. h4 b4
22. Ne2 b3 23. axb3 axb3 24. Nc3 Rb8 25. h5 Qa5 26. Rfe1 Be6 27. Re2 Rfc8 28.
Bf1 c5 29. dxc5 Bxc5+ 30. Kh1 Ba3 31. Bd2 Bxb2 32. Qb1 Bxc3 33. Bxc3 Qxc3 34.
Rd3 Na3 35. Rxc3 Nxb1 36. Rxc8+ Bxc8 37. e6 Ba6 38. Re1 Bxf1 39. Rxf1 Nd2 40.
Re1 b2 41. e7 Kf7 0-1

[Event "100 Jahre Schvgg Blankenese - Open 2023"]
[Site "Lise-Meitner-Gymnasium (HH)"]
[Date "2023.09.30"]
[Round "2.32"]
[White "Schacht, David"]
[Black "Karlinder, Lovis Neo"]
[Result "0-1"]
[WhiteElo "1633"]
[BlackElo "1308"]
[PlyCount "63"]
[EventDate "2023.09.30"]
[EventType "swiss"]
[EventRounds "7"]
[WhiteTeam "SchVgg Blankenese von 1923 e.V."]
[BlackTeam "Schleswiger SV von 1919"]

1. Nf3 d5 2. b3 Nf6 3. e3 Bf5 4. Bb2 e6 5. Nh4 Bg4 6. Bxf6 Qxf6 7. Qxg4 Qxa1 8.
Qd1 Be7 9. Nf3 Qxa2 10. Bd3 Nc6 11. O-O Nb4 12. Nc3 Qb2 13. Qe2 Nxd3 14. Qxd3
c6 15. Na4 Qf6 16. h3 e5 17. Qe2 O-O 18. Nh2 b5 19. Nb2 e4 20. Nd1 a5 21. Ng4
Qd6 22. f3 f5 23. Ngf2 a4 24. bxa4 bxa4 25. Nc3 a3 26. Ra1 Rfb8 27. d3 Bf6 28.
d4 Qb4 29. Qe1 a2 30. Rxa2 Rxa2 31. Nxa2 Qxe1+ 32. Kh2 0-1

[Event "100 Jahre Schvgg Blankenese - Open 2023"]
[Site "Lise-Meitner-Gymnasium (HH)"]
[Date "2023.09.30"]
[Round "2.33"]
[White "Reinecke, Gerd"]
[Black "Alieksieiev, Oleksii"]
[Result "0-1"]
[WhiteElo "1446"]
[BlackElo "1591"]
[PlyCount "34"]
[EventDate "2023.09.30"]
[EventType "swiss"]
[EventRounds "7"]
[WhiteTeam "SchVgg Blankenese von 1923 e.V."]
[BlackTeam "Hamburger SK von 1830 eV"]

1. e4 e5 2. Nf3 Nc6 3. Bc4 Nf6 4. d3 Bc5 5. c3 d6 6. a4 a5 7. Nbd2 Be6 8. O-O
O-O 9. Re1 Ne7 10. d4 exd4 11. Nxd4 Bd7 12. N2f3 Bg4 13. h3 Bh5 14. Bd3 Nc6 15.
Nf5 Ne5 16. Be2 Nxe4 17. Nxe5 Nxf2 0-1

[Event "100 Jahre Schvgg Blankenese - Open 2023"]
[Site "Lise-Meitner-Gymnasium (HH)"]
[Date "2023.09.30"]
[Round "2.34"]
[White "Kraft, Gerhard"]
[Black "Altun, Mohamed"]
[Result "1-0"]
[WhiteElo "1945"]
[BlackElo "1247"]
[PlyCount "63"]
[EventDate "2023.09.30"]
[EventType "swiss"]
[EventRounds "7"]
[WhiteTeam "SchVgg Blankenese von 1923 e.V."]
[BlackTeam "Findorffer Sfr"]

1. e4 c6 2. d4 d5 3. exd5 cxd5 4. c4 Nf6 5. Bg5 e6 6. c5 Be7 7. b4 Bd7 8. Nc3
Nc6 9. a3 h6 10. Bh4 g5 11. Bg3 Ne4 12. Nxe4 dxe4 13. d5 Bf6 14. dxc6 Bxc6 15.
Qxd8+ Rxd8 16. Rc1 Ba4 17. Bd6 Bb2 18. Rc4 f5 19. Ne2 Bxa3 20. Nc3 Bb3 21. Rd4
Bb2 22. Bb5+ Kf7 23. Kd2 Bxc3+ 24. Kxc3 Bd5 25. Bc4 Bxc4 26. Kxc4 Rc8 27. Be5
Rhe8 28. Rd7+ Re7 29. Rhd1 b6 30. Rxe7+ Kxe7 31. Bd6+ Ke8 32. Ra1 1-0

[Event "100 Jahre Schvgg Blankenese - Open 2023"]
[Site "Lise-Meitner-Gymnasium (HH)"]
[Date "2023.09.30"]
[Round "2.35"]
[White "von Flottwell, Lionel"]
[Black "Fellberg, Justus"]
[Result "0-1"]
[WhiteElo "1265"]
[BlackElo "1565"]
[PlyCount "64"]
[EventDate "2023.09.30"]
[EventType "swiss"]
[EventRounds "7"]
[WhiteTeam "SK Wilhelmsburg 1936 eV"]
[BlackTeam "SK Wilhelmsburg 1936 eV"]

1. e4 Nc6 2. d4 d5 3. exd5 Qxd5 4. Ne2 Bg4 5. f3 Bf5 6. Nbc3 Qd7 7. Be3 e6 8.
g4 Bg6 9. a3 Nf6 10. Nf4 Bd6 11. Nxg6 hxg6 12. h4 Bg3+ 13. Ke2 O-O-O 14. g5 Nd5
15. Nxd5 Qxd5 16. c3 e5 17. Qa4 exd4 18. c4 Qe5 19. Qb3 dxe3 20. Bh3+ Kb8 21.
Rad1 Nd4+ 22. Rxd4 Qxd4 23. Rd1 Qxd1+ 24. Qxd1 Rxd1 25. Kxd1 Rd8+ 26. Ke2 Bf2
27. b4 Rd2+ 28. Kf1 Bxh4 29. c5 e2+ 30. Kg1 e1=Q+ 31. Bf1 Qf2+ 32. Kh1 Qxf1#
0-1

[Event "100 Jahre Schvgg Blankenese - Open 2023"]
[Site "Lise-Meitner-Gymnasium (HH)"]
[Date "2023.09.30"]
[Round "2.36"]
[White "Kraft, Cynthia Yumi"]
[Black "Remizov, Kyryl"]
[Result "1/2-1/2"]
[WhiteElo "1459"]
[BlackElo "1175"]
[PlyCount "101"]
[EventDate "2023.09.30"]
[EventType "swiss"]
[EventRounds "7"]
[WhiteTeam "Hamburger SK von 1830 eV"]
[BlackTeam "Stader SV"]

1. d4 d5 2. c4 c6 3. Nc3 Bf5 4. Qb3 Qd7 5. cxd5 Nf6 6. dxc6 Nxc6 7. e3 e6 8. a3
a6 9. Nf3 Na5 10. Qd1 Nd5 11. Bd2 Rc8 12. Rc1 Nxc3 13. Bxc3 Qd5 14. Qa4+ Nc6
15. Ne5 Bd6 16. Nxc6 Rxc6 17. f3 Be7 18. h4 Qd6 19. Kf2 b5 20. Qd1 Qc7 21. Bd3
Bxd3 22. Qxd3 b4 23. axb4 Bxb4 24. Rc2 Be7 25. g3 Bd6 26. f4 Ke7 27. e4 g6 28.
e5 Bb4 29. Bxb4+ Kd7 30. Rhc1 Rxc2+ 31. Rxc2 Qb6 32. Bc5 Qb5 33. Qxb5+ axb5 34.
Rc3 Ra8 35. Ra3 Rxa3 36. bxa3 Kc6 37. Ke3 Kd5 38. Kd3 h6 39. Bf8 h5 40. Bb4 Kc6
41. Ke4 Kd7 42. d5 Kc7 43. d6+ Kd7 44. Kd4 Kc6 45. Ba5 Kd7 46. Kc5 f6 47. Kxb5
f5 48. Bc7 g5 49. a4 g4 50. a5 Kc8 51. Kc6 1/2-1/2

[Event "100 Jahre Schvgg Blankenese - Open 2023"]
[Site "Lise-Meitner-Gymnasium (HH)"]
[Date "2023.09.30"]
[Round "2.37"]
[White "Lorenz, Felix"]
[Black "Kühn, Lukas"]
[Result "0-1"]
[WhiteElo "1225"]
[BlackElo "1581"]
[PlyCount "162"]
[EventDate "2023.09.30"]
[EventType "swiss"]
[EventRounds "7"]
[WhiteTeam "SF Wedel"]
[BlackTeam "FC ST.Pauli 1910 eV SAbt"]

1. e4 c5 2. d4 cxd4 3. c3 dxc3 4. Nxc3 Nc6 5. Nf3 e6 6. Bc4 Nge7 7. O-O Ng6 8.
Qe2 Be7 9. Rd1 O-O 10. e5 a6 11. Ne4 Ncxe5 12. Nxe5 Nxe5 13. Bb3 Ng6 14. Nd6
Bxd6 15. Rxd6 Qc7 16. Rd3 d5 17. Rc3 Qd6 18. Be3 Re8 19. Bc5 Qd8 20. Bc2 Bd7
21. Qh5 e5 22. Bf5 Bxf5 23. Qxf5 Rc8 24. Rac1 Rb8 25. Rh3 h6 26. Rf3 Nh8 27.
Rg3 Rc8 28. Be3 Rxc1+ 29. Bxc1 Ng6 30. Qg4 Qc8 31. Qd1 Qc4 32. b3 Qc6 33. Bb2
d4 34. Rd3 Nf4 35. Rg3 Rc8 36. h3 Qc2 37. Qg4 Ne2+ 38. Kh2 Nxg3 39. fxg3 Re8
40. Qd7 Qc8 41. Qd5 Kh7 42. Qxf7 d3 43. Qf3 Qc2 44. Qe4+ Kh8 45. Bxe5 Qe2 46.
Bxg7+ Kxg7 47. Qd4+ Kh7 48. Qd7+ Re7 49. Qf5+ Kg8 50. Qd5+ Kf8 51. Qd8+ Kf7 52.
Qd5+ Qe6 53. Qxd3 Ke8 54. Qd4 Rd7 55. Qh8+ Ke7 56. Qg7+ Kd6 57. Qd4+ Kc7 58.
Qc3+ Qc6 59. Qe5+ Kc8 60. Qf5 Kb8 61. a4 Rc7 62. a5 Rc8 63. Qe5+ Ka8 64. b4 Qc4
65. Qd6 Qc6 66. Qd4 Qc7 67. Qd5 Rd8 68. Qf5 Rg8 69. Qf4 Qxf4 70. gxf4 Kb8 71.
g4 Kc7 72. Kg3 Kc6 73. h4 Rd8 74. h5 Rd3+ 75. Kh4 Rd1 76. g5 hxg5+ 77. fxg5
Rd4+ 78. Kg3 Kd6 79. g6 Ke7 80. h6 Kf6 81. g7 Rd8 0-1

[Event "100 Jahre Schvgg Blankenese - Open 2023"]
[Site "Lise-Meitner-Gymnasium (HH)"]
[Date "2023.09.30"]
[Round "2.38"]
[White "Wang, Kaiwen"]
[Black "Zweig, Gregor"]
[Result "1/2-1/2"]
[WhiteElo "1361"]
[BlackElo "1152"]
[PlyCount "81"]
[EventDate "2023.09.30"]
[EventType "swiss"]
[EventRounds "7"]
[WhiteTeam "Hamburger SK von 1830 eV"]
[BlackTeam "SK Union Eimsbuettel eV"]

1. e4 c6 2. d4 d5 3. exd5 cxd5 4. c4 Nf6 5. Nc3 Nc6 6. Nf3 Bg4 7. Be3 e6 8. h3
Bh5 9. cxd5 Nxd5 10. Be2 Bxf3 11. Bxf3 Nxe3 12. fxe3 Rc8 13. O-O Bd6 14. d5
exd5 15. Qxd5 O-O 16. Rad1 Bg3 17. Qf5 Qe7 18. Be4 g6 19. Qf3 Be5 20. Rc1 Bxc3
21. Rxc3 Ne5 22. Qf4 Rxc3 23. bxc3 b6 24. Bd5 Nd3 25. Qe4 Qxe4 26. Bxe4 Nc5 27.
Bd5 Kg7 28. g4 f5 29. g5 h6 30. h4 hxg5 31. hxg5 Re8 32. Kf2 Ne4+ 33. Bxe4 Rxe4
34. Rd1 Kf7 35. Rd4 Ke6 36. Kf3 Re5 37. Ra4 a5 38. Rc4 Rd5 39. Rc6+ Rd6 40. Rc7
Ke5 41. Re7+ 1/2-1/2

[Event "100 Jahre Schvgg Blankenese - Open 2023"]
[Site "Lise-Meitner-Gymnasium (HH)"]
[Date "2023.09.30"]
[Round "2.39"]
[White "Khattar, Ranvir Singh"]
[Black "Mi, Gufeng"]
[Result "0-1"]
[WhiteElo "1209"]
[BlackElo "1537"]
[PlyCount "100"]
[EventDate "2023.09.30"]
[EventType "swiss"]
[EventRounds "7"]
[WhiteTeam "SK Wilhelmsburg 1936 eV"]
[BlackTeam "Niendorfer TSV 1919 SAbt"]

1. e4 d6 2. d4 Nf6 3. Nc3 g6 4. h3 Bg7 5. Nf3 O-O 6. Bc4 c6 7. O-O b5 8. Bb3 b4
9. Ne2 Nxe4 10. c3 a5 11. Bc2 Nf6 12. Bg5 Ba6 13. Re1 Nbd7 14. b3 Bxe2 15. Rxe2
bxc3 16. Qe1 h6 17. Bxf6 Bxf6 18. Qxc3 c5 19. Qc4 Nb6 20. Qd3 Nd5 21. Qd2 Kg7
22. Rae1 Qb6 23. dxc5 Qxc5 24. Be4 Nc3 25. Bxa8 Nxe2+ 26. Qxe2 Rxa8 27. Qd2 Bc3
28. Qe3 Bxe1 29. Qxe1 e6 30. Qa1+ Kg8 31. Qf6 Rc8 32. Qh4 Kg7 33. Qf4 Qc1+ 34.
Qxc1 Rxc1+ 35. Kh2 Rc2 36. a4 Rxf2 37. Nd4 Rb2 38. Nc6 Rxb3 39. Nxa5 Ra3 40.
Nc4 Rxa4 41. Nxd6 f5 42. Kg3 e5 43. Nb5 Kf6 44. Nc7 Ra3+ 45. Kf2 f4 46. h4 Kf5
47. Nd5 Kg4 48. Ne7 Ra2+ 49. Kg1 Kg3 50. Kf1 Ra6 0-1

[Event "100 Jahre Schvgg Blankenese - Open 2023"]
[Site "Lise-Meitner-Gymnasium (HH)"]
[Date "2023.09.30"]
[Round "2.40"]
[White "Reich, Kristina"]
[Black "Wang, Kaichen"]
[Result "1-0"]
[WhiteElo "1525"]
[BlackElo "1072"]
[PlyCount "63"]
[EventDate "2023.09.30"]
[EventType "swiss"]
[EventRounds "7"]
[WhiteTeam "Hamburger SK von 1830 eV"]
[BlackTeam "SchVgg Blankenese von 1923 e.V."]

1. d4 Nf6 2. Nf3 e6 3. c4 a6 4. g3 b6 5. Bg2 Bb7 6. O-O h6 7. Nc3 Be7 8. Qc2
O-O 9. e4 Re8 10. Rd1 d5 11. cxd5 exd5 12. e5 Nh7 13. Ne2 Ng5 14. Nf4 Qd7 15.
Nh4 Rd8 16. Nf5 Bc6 17. Nh5 g6 18. Nxe7+ Qxe7 19. Nf6+ Kg7 20. f4 Nh7 21. Ng4
Qe6 22. Nxh6 Qe7 23. f5 Re8 24. Bh3 Qd8 25. Nxf7 Kxf7 26. fxg6+ Kg7 27. gxh7
Rh8 28. Qe2 Rxh7 29. Qg4+ Kh8 30. Bg5 Qe8 31. Bf6+ Rg7 32. Qxg7# 1-0

[Event "100 Jahre Schvgg Blankenese - Open 2023"]
[Site "Lise-Meitner-Gymnasium (HH)"]
[Date "2023.09.30"]
[Round "2.41"]
[White "Arps, Mats"]
[Black "Kalkowski, Andreas"]
[Result "0-1"]
[WhiteElo "1128"]
[BlackElo "1511"]
[PlyCount "40"]
[EventDate "2023.09.30"]
[EventType "swiss"]
[EventRounds "7"]
[WhiteTeam "SK Wilhelmsburg 1936 eV"]
[BlackTeam "Königsspr. SC.1984 e.V."]

1. d4 e6 2. c4 Nf6 3. Nc3 Bb4 4. Qc2 O-O 5. Bf4 c5 6. e3 cxd4 7. exd4 d5 8. a3
Ba5 9. b4 Bc7 10. Nf3 Bxf4 11. Ne5 Nc6 12. Bd3 Nxd4 13. Bxh7+ Nxh7 14. Qb2 Bxe5
15. O-O-O Qf6 16. Rhf1 dxc4 17. Kb1 Nb3 18. f3 Bxc3 19. Qc2 Qf5 20. Ka2 Qxc2#
0-1

[Event "100 Jahre Schvgg Blankenese - Open 2023"]
[Site "Lise-Meitner-Gymnasium (HH)"]
[Date "2023.09.30"]
[Round "2.42"]
[White "Bächler, Andreas"]
[Black "Englert, Barbara"]
[Result "1-0"]
[WhiteElo "1509"]
[BlackElo "1211"]
[PlyCount "37"]
[EventDate "2023.09.30"]
[EventType "swiss"]
[EventRounds "7"]
[WhiteTeam "SC Turm Lüneburg e.V."]
[BlackTeam "Niendorfer TSV 1919 SAbt"]

1. e4 c5 2. Nf3 Nc6 3. c3 d6 4. d4 cxd4 5. cxd4 Nf6 6. Nc3 Bg4 7. Bb5 e5 8. d5
a6 9. dxc6 axb5 10. cxb7 Rb8 11. Bg5 Rxb7 12. O-O Be7 13. Bxf6 Bxf3 14. Bxe7
Bxd1 15. Bxd8 Kxd8 16. Rfxd1 Kd7 17. a4 bxa4 18. Nxa4 Ra8 19. Nc5+ 1-0

[Event "100 Jahre Schvgg Blankenese - Open 2023"]
[Site "Lise-Meitner-Gymnasium (HH)"]
[Date "2023.09.30"]
[Round "2.43"]
[White "Bürgener, Richard"]
[Black "Bauta, Luan"]
[Result "1-0"]
[WhiteElo "1490"]
[BlackElo "857"]
[PlyCount "97"]
[EventDate "2023.09.30"]
[EventType "swiss"]
[EventRounds "7"]
[WhiteTeam "SV Bad Bevensen"]
[BlackTeam "Königsspr. SC.1984 e.V."]

1. e4 e5 2. Nf3 Nc6 3. Bc4 Nf6 4. Ng5 d5 5. exd5 Na5 6. Bb5+ c6 7. dxc6 bxc6 8.
Qf3 e4 9. Nxe4 cxb5 10. Nxf6+ Qxf6 11. Qxa8 Qc6 12. Qxc6+ Nxc6 13. O-O Be7 14.
d3 Nd4 15. Nd2 Nxc2 16. Rb1 Bf5 17. Ne4 O-O 18. Bf4 Re8 19. a3 Bd8 20. Nd6 Bxd3
21. Nxe8 Bxf1 22. Kxf1 Kf8 23. Nd6 Bc7 24. Rc1 Bxd6 25. Bxd6+ Ke8 26. Rxc2 Kd7
27. Rc7+ Kxd6 28. Rxf7 a5 29. Rxg7 b4 30. Rxh7 bxa3 31. bxa3 Kc5 32. Ra7 Kb5
33. Rxa5+ Kxa5 34. h4 Kb6 35. h5 Kb5 36. h6 Ka4 37. h7 Kxa3 38. h8=Q Kb4 39.
Qc8 Kb5 40. Qc7 Kb4 41. Qc6 Kb3 42. Qc5 Kb2 43. Qc4 Ka3 44. Qb5 Ka2 45. Qb4 Ka1
46. Ke1 Ka2 47. Kd1 Ka1 48. Kc1 Ka2 49. Qa4# 1-0

[Event "100 Jahre Schvgg Blankenese - Open 2023"]
[Site "Lise-Meitner-Gymnasium (HH)"]
[Date "2023.09.30"]
[Round "2.44"]
[White "Krüger, Dietrich"]
[Black "Klaeke, Gregor"]
[Result "0-1"]
[WhiteElo "1190"]
[BlackElo "1542"]
[PlyCount "70"]
[EventDate "2023.09.30"]
[EventType "swiss"]
[EventRounds "7"]
[WhiteTeam "Barmbeker SK 1926 eV"]
[BlackTeam "Niendorfer TSV 1919 SAbt"]

1. d4 e6 2. e4 d5 3. e5 c5 4. Nf3 cxd4 5. Nxd4 Ne7 6. Bg5 Qb6 7. Bxe7 Bxe7 8.
Bb5+ Bd7 9. a4 a5 10. b3 Nc6 11. Bxc6 bxc6 12. O-O c5 13. Ne2 O-O 14. Nd2 Qc7
15. f4 f6 16. exf6 Bxf6 17. Rb1 Bc6 18. Ng3 Bd4+ 19. Kh1 Rxf4 20. Nf3 Be8 21.
Qe2 Bf7 22. Ng5 e5 23. Rxf4 exf4 24. Nxf7 fxg3 25. Ng5 Qe5 26. Qxe5 Bxe5 27.
Re1 Bf6 28. Ne6 Re8 29. c4 d4 30. hxg3 Kf7 31. Kg1 Rxe6 32. Rxe6 Kxe6 33. Kf2
Bg5 34. Ke2 h5 35. Kd3 Ke5 0-1

[Event "100 Jahre Schvgg Blankenese - Open 2023"]
[Site "Lise-Meitner-Gymnasium (HH)"]
[Date "2023.09.30"]
[Round "2.47"]
[White "von Flottwell, Nils"]
[Black "Döpmann, Christoph"]
[Result "0-1"]
[WhiteElo "1014"]
[BlackElo "1536"]
[PlyCount "84"]
[EventDate "2023.09.30"]
[EventType "swiss"]
[EventRounds "7"]
[WhiteTeam "SK Wilhelmsburg 1936 eV"]
[BlackTeam "SF Nordost Berlin"]

1. e4 d5 2. exd5 Qxd5 3. Nc3 Qd6 4. d4 Nf6 5. Nf3 c6 6. h3 Bf5 7. Bd3 Bg6 8.
Be3 Nbd7 9. Bxg6 hxg6 10. Qd3 e6 11. O-O-O Nd5 12. Nxd5 exd5 13. Bg5 Nf6 14.
Ne5 Qc7 15. Ng4 O-O-O 16. Nxf6 gxf6 17. Bd2 Bd6 18. Qf3 f5 19. Bg5 Rde8 20.
Rhe1 Rxe1 21. Rxe1 Qa5 22. c3 Qxa2 23. Kc2 Qa4+ 24. Kb1 Qb5 25. Bf4 Bxf4 26.
Qxf4 Rd8 27. Re7 Rd7 28. Re8+ Rd8 29. Rxd8+ Kxd8 30. Qd6+ Ke8 31. Qe5+ Kd7 32.
Qe1 Qd3+ 33. Kc1 Qe4 34. Qxe4 fxe4 35. Kd2 Ke6 36. Ke3 Kf5 37. g4+ Kg5 38. f3
f5 39. f4+ Kh4 40. g5 Kxh3 41. b3 a5 42. c4 b5 0-1